Statistiche per Classifica Marcatori Cagliari All-Time

Clicka qui per fare il quiz!

Statistiche generali

  • Questo quiz è stato fatto 11 volte
  • Il punteggio medio è 3 su 10

Statistiche sulle risposte

GolNazioneCalciatore% Corretto
205ItaliaLuigi Riva
100%
102HondurasDavid Suazo
70%
49ItaliaLeonardo Pavoletti
40%
86Brasile / ItaliaJoão Pedro
30%
51ItaliaDaniele Conti
20%
104ItaliaLuigi Piras
20%
55Brasile / BelgioLuis Oliveira
20%
65ItaliaMauro Esposito
20%
49ItaliaMarco Sau
10%
64ItaliaRoberto Muzzi
10%

Distribuzione punteggi

Percentile per numero di risposta

Percentuale di utenti per punteggio

I tuoi punteggi nel tempo

Non hai fatto questo quiz